Phytoremediation in food safety (Record no. 3919)

MARC details
000 -LEADER
fixed length control field 00417nam a22001457a 4500
008 - FIXED-LENGTH DATA ELEMENTS--GENERAL INFORMATION
fixed length control field 250620b |||||||| |||| 00| 0 eng d
020 ## - INTERNATIONAL STANDARD BOOK NUMBER
ISBN 9781032683744
100 ## - MAIN ENTRY--AUTHOR
Author Aransiola,Abiodun sesan
245 ## - TITLE STATEMENT
Title Phytoremediation in food safety
Remainder of title Risks and prospects
260 ## - PUBLICATION, DISTRIBUTION, ETC. (IMPRINT)
Place of publication Boca Raton
Name of publisher CRCpress
Date of publication 2025
300 ## - COLLATION
Pagination Xxv, 279p.
Other physical details Ill
650 ## - TRACINGS
Main Subject Food crops- biotechnology
942 ## - ADDED ENTRY ELEMENTS (KOHA)
Item type Books
050 ## - LIBRARY OF CONGRESS CALL NUMBER
Classification number TP373.5
Item number .P49
Holdings
Source of classification or shelving scheme Not for loan Permanent location Current location Date acquired Accession No. Full call number Barcode. Koha item type
Library of Congress Classification   Engineering Library Engineering Library 06/20/2025 2025/64970-71 TP373.5.P49 2025-2605 Books
Library of Congress Classification   Engineering Library Engineering Library 06/20/2025 2025/64970-71 TP373.5.P49 2025-2606 Books
Library of Congress Classification   Engineering Library Engineering Library 06/20/2025 2025/64970-71 TP373.5.P49 2025-2607 Books
Library of Congress Classification   Engineering Library Engineering Library 06/20/2025 2025/64970-71 TP373.5.P49 2025-2608 Books